LIBRARY & INFORMATION CENTRE, KCAET, TAVANUR

ONLINE PUBLIC ACCESS CATALOGUE (OPAC)

Citizen Tom pain ,vol 1 / (Record no. 16022)

MARC details
000 -LEADER
fixed length control field 00350cam a2200133ua 4500
003 - CONTROL NUMBER IDENTIFIER
control field OSt
008 - FIXED-LENGTH DATA ELEMENTS--GENERAL INFORMATION
fixed length control field 191026b ||||| |||| 00| 0 eng d
082 ## - DEWEY DECIMAL CLASSIFICATION NUMBER
Classification number 894.812308
Item number VIS/CI
100 ## - MAIN ENTRY--AUTHOR NAME
Personal name Viswambharan, Chelattu .
245 ## - TITLE STATEMENT
Title Citizen Tom pain ,vol 1 /
260 ## - PUBLICATION, DISTRIBUTION, ETC. (IMPRINT)
Place of publication Alleppy :
Name of publisher Southern Bookstall ,
Year of publication 1960.
300 ## - PHYSICAL DESCRIPTION
Number of Pages 191 ; .
942 ## - ADDED ENTRY ELEMENTS (KOHA)
Koha item type Books

No items available.

free website counter